Countries that start with B by Largest Area - Statistics

General Stats
  • This quiz has been taken 23 times
  • The average score is 11 of 17
Answer Stats
Answer % Correct
Brazil
100%
Bolivia
78%
Bangladesh
67%
Botswana
67%
Bulgaria
67%
Bahrain
61%
Barbados
61%
Bosnia
61%
Brunei
61%
Bahamas
56%
Belarus
56%
Belize
56%
Benin
56%
Bhutan
56%
Burundi
56%
Belgium
50%
Burkina Faso
50%
No matching quizzes found
Score Distribution
Percent of People with Each Score
Percentile by Number Answered
Your Score History
You have not taken this quiz